Main Religions by Country - Statistics

General Stats
  • This quiz has been taken 99 times
  • The average score is 112 of 196
Answer Stats
Country Religion % Correct
Afghanistan Islam
100%
Algeria Islam
99%
Albania Islam
95%
Andorra Christianity
93%
Angola Christianity
92%
Antigua & Barbuda Christianity
92%
Argentina Christianity
92%
Armenia Christianity
92%
Australia Christianity
89%
Austria Christianity
89%
Barbados Christianity
89%
Belarus Christianity
89%
Belgium Christianity
89%
Belize Christianity
89%
Azerbaijan Islam
89%
Bahrain Islam
89%
Bangladesh Islam
89%
Bahamas Christianity
88%
Benin Christianity
88%
Bolivia Christianity
88%
Bosnia & Herzegovina Islam
86%
Bhutan Buddhism
82%
Brazil Christianity
82%
Bulgaria Christianity
81%
Burkina Faso Islam
81%
Burundi Christianity
80%
Cambodia Buddhism
78%
Brunei Islam
78%
Chad Islam
76%
Comoros Islam
72%
Cote D'Ivoire Islam
70%
China Buddhism
69%
Djibouti Islam
68%
Egypt Islam
66%
Iran Islam
66%
Iraq Islam
66%
Cameroon Christianity
65%
Canada Christianity
65%
Cape Verde Christianity
65%
Central African Republic Christianity
65%
Chile Christianity
65%
Colombia Christianity
65%
Costa Rica Christianity
65%
Croatia Christianity
64%
Cuba Christianity
64%
Cyprus Christianity
64%
Czech Republic Christianity
64%
D.R. Congo Christianity
64%
Denmark Christianity
64%
Dominica Christianity
64%
Dominican Republic Christianity
64%
Eritrea Islam
64%
Israel Judaism
64%
East Timor Christianity
62%
Ecuador Christianity
62%
El Salvador Christianity
62%
Equatorial Guinea Christianity
62%
Estonia Christianity
62%
Eswatini Christianity
62%
Ethiopia Christianity
62%
Fiji Christianity
62%
Finland Christianity
62%
France Christianity
62%
Gabon Christianity
62%
Georgia Christianity
62%
Germany Christianity
62%
Grenada Christianity
62%
Italy Christianity
62%
Gambia Islam
62%
Ghana Christianity
61%
Greece Christianity
61%
Guatemala Christianity
61%
Guyana Christianity
61%
Haiti Christianity
61%
Honduras Christianity
61%
Hungary Christianity
61%
Iceland Christianity
61%
Ireland Christianity
61%
Jamaica Christianity
61%
Kenya Christianity
61%
Kiribati Christianity
61%
Lesotho Christianity
61%
Liberia Christianity
61%
Liechtenstein Christianity
61%
Lithuania Christianity
61%
Luxembourg Christianity
61%
Madagascar Christianity
61%
Malawi Christianity
61%
Malta Christianity
61%
Marshall Islands Christianity
61%
Mexico Christianity
61%
Micronesia Christianity
61%
Moldova Christianity
61%
Monaco Christianity
61%
Guinea Islam
61%
Guinea Bissau Islam
61%
Indonesia Islam
61%
Jordan Islam
61%
Kazakhstan Islam
61%
Kosovo Islam
61%
Kuwait Islam
61%
Kyrgyzstan Islam
61%
Libya Islam
61%
Mali Islam
61%
Mauritania Islam
61%
Latvia Christianity
59%
India Hinduism
59%
Lebanon Islam
59%
Malaysia Islam
59%
Maldives Islam
59%
Botswana Christianity
58%
Laos Buddhism
57%
Mongolia Buddhism
57%
Montenegro Christianity
57%
Mozambique Christianity
57%
Morocco Islam
57%
Namibia Christianity
55%
Nauru Christianity
55%
Myanmar Buddhism
54%
Netherlands Christianity
53%
New Zealand Christianity
53%
Pakistan Islam
53%
Nicaragua Christianity
51%
Niger Islam
51%
Nigeria Islam
51%
Oman Islam
51%
Japan Shintoism
51%
North Macedonia Christianity
50%
Norway Christianity
50%
Palau Christianity
49%
Panama Christianity
47%
Papua New Guinea Christianity
47%
Paraguay Christianity
47%
Poland Christianity
47%
Nepal Hinduism
47%
Peru Christianity
46%
Philippines Christianity
46%
Portugal Christianity
46%
Qatar Islam
46%
Russia Christianity
45%
Romania Christianity
43%
Rwanda Christianity
43%
Republic of the Congo Christianity
42%
Saint Kitts & Nevis Christianity
42%
Saint Lucia Christianity
42%
Saint Vincent & the Grenadines Christianity
41%
Samoa Christianity
41%
Serbia Christianity
41%
Mauritus Hinduism
41%
San Marino Christianity
39%
São Tomé & Príncipe Christianity
39%
Seychelles Christianity
39%
Saudi Arabia Islam
39%
Senegal Islam
39%
Sierra Leone Islam
39%
Slovakia Christianity
38%
Slovenia Christianity
38%
Solomon Islands Christianity
38%
South Africa Christianity
38%
South Sudan Christianity
38%
Spain Christianity
38%
Sweden Christianity
38%
Switzerland Christianity
38%
United Kingdom Christianity
38%
United States of America Christianity
38%
Vanuatu Christianity
38%
Vatican Christianity
38%
Venezuela Christianity
38%
Somalia Islam
38%
Sudan Islam
38%
Syria Islam
38%
Tajikistan Islam
38%
Turkey Islam
38%
Turkmenistan Islam
38%
United Arab Emirates Islam
38%
Tanzania Christianity
36%
Togo Christianity
36%
Tonga Christianity
36%
Trinidad & Tobago Christianity
36%
Tuvalu Christianity
36%
Uganda Christianity
36%
Ukraine Christianity
36%
Uruguay Christianity
36%
Zambia Christianity
36%
Zimbabwe Christianity
36%
Tunisia Islam
36%
Uzbekistan Islam
36%
Sri Lanka Buddhism
35%
South Korea Christianity
35%
Suriname Christianity
35%
Yemen Islam
35%
Singapore Buddhism
34%
Taiwan Buddhism
34%
Thailand Buddhism
32%
Vietnam Buddhism
30%
North Korea Shamanism
5%
No matching quizzes found
Score Distribution
Percent of People with Each Score
Percentile by Number Answered
Your Score History
You have not taken this quiz